Kritik der Historischen Vernunft
Gespeichert in:
| 1. Verfasser: | |
|---|---|
| Format: | Buch |
| Sprache: | Deutsch |
| Veröffentlicht: |
Múnich
R. Oldenbourg
1957
|
| Schlagworte: | |
| Tags: |
Tag hinzufügen
Keine Tags, Fügen Sie den ersten Tag hinzu!
|
MARC
| LEADER | 00000nam a2200000 a 4500 | ||
|---|---|---|---|
| 001 | UCZ4200 | ||
| 003 | CL-VaPUC | ||
| 008 | 951106e19570000GW |||||||||||||||||ger|d | ||
| 082 | 0 | 4 | |a 142 |b DEM |2 21 |
| 100 | 0 | |a Dempf, Alois |e author |9 348158 | |
| 245 | 1 | 0 | |a Kritik der Historischen Vernunft |
| 300 | |a 319 p | ||
| 942 | |c BK | ||
| 945 | |d 19951106 00:00:00 |a cmena | ||
| 260 | |a Múnich |b R. Oldenbourg |c 1957 | ||
| 650 | 0 | |a Filosofía de la historia |9 265651 | |
| 650 | 0 | |a Racionalismo |9 259116 | |
| 650 | 0 | |a Humanismo |9 256530 | |
| 650 | 0 | |a Historia |9 255047 | |
| 583 | |a last modification |c 19951106 00:00:00 |k Rodrigo Vera | ||
| 999 | |c 240617 |d 240615 | ||
| 952 | |0 0 |1 0 |4 0 |6 142_000000000000000_DEM_1957 |7 0 |8 P |9 252585 |a BIBEDU |b BIBEDU |c BIBEDU_PB |d 2019-11-18 |i 1595008 |o 142 DEM 1957 |p 1595008 |r 2024-01-25 |w 2019-11-18 |y BK |k FIL | ||